000 00623cam a2200217 a 4500
001 2992615
005 20240221051824.0
008 921023s1991 ii b 011 0 eng
020 _a8120203194
040 _aDLC
_cDLC
_dDLC
082 0 0 _a320.5
_220
_bSOC.
100 1 _aLimaye, Madhu.
245 1 0 _aSocialist communist interaction in India /
_cMadhu Limaye.
260 _aDelhi :
_bAjanta Publications (India) :
_bDistributors, Ajanta Books International,
_c1991.
300 _ax, 393 p. ;
500 _aIncludes index.
650 0 _aSocialism
650 0 _aCommunism
700 1 _aFernandes, George,
_eedt
942 _cL
999 _c455
_d455